000 00873nam a2200241Ia 4500
003 OSt
005 20220923212339.0
006 a|||||r|||| 00| 0
007 ta
008 220922b |||||||| |||| 00| 0 hin d
024 _a152,296
037 _cTextual
040 _aARTS
_cARTS
_bhin
041 _2hin
_ahin
082 _aO111,6NMAx, 152M4
100 _aमार्डेन, स्वेट
_9156369
245 0 _aनिर्भय बनो उत्साह से जियो, अनु श्यामचन्द्र्र कपूर
246 _aNirbhaya bano utsāh se jiyo, anu0 shyāmachandrra kapūra
260 _aदिल्ली
_b नया साहित्य
_c1984
300 _a176 पृ.
_ccm.
942 _hO111,6NMAx, 152M4
_cTEXL
_2CC
999 _c307945
_d307945